[Event "Politiken Cup 2013"]
[Site "Helsingor DEN"]
[Date "2013.08.02"]
[Round "8.117"]
[White "Alfven,Jorgen"]
[Black "Jacobsen,Caroline Beer"]
[Result "1-0"]
[WhiteElo "1851"]
[BlackElo "1585"]

1.d4 Nf6 2.c4 e6 3.Nf3 b6 4.a3 Bb7 5.g3 Be7 6.Bg2 O-O 7.Nc3 Ne4 8.Qc2 Nxc3
9.Qxc3 Be4 10.O-O d5 11.Bf4 c5 12.cxd5 Qxd5 13.Rfd1 c4 14.Ne1 Bxg2 15.Nxg2 b5
16.Ne3 Qb7 17.d5 Bf6 18.Be5 Bxe5 19.Qxe5 exd5 20.Nf5 f6 21.Qe6+ Qf7 22.Qxf7+ Kxf7
23.Rxd5 a6 24.a4 Ke6 25.e4 g6 26.Nd4+ Kf7 27.axb5 Rc8 28.b6 Re8 29.f3 Re7
30.Rc1 Nd7 31.b7 Rae8 32.Nc6 Nb8 33.Nxe7 Rxe7 34.Rxc4 Rxb7 35.b4 Nd7 36.Rcd4 Ke7
37.Kf2 Ne5 38.Rd6 Rxb4 39.Rxb4 Kxd6 40.Rb6+ Ke7 41.Rxa6 h5 42.h3 g5 43.f4 gxf4
44.gxf4 Ng6 45.Kg3 Kf7 46.Ra5 Ne7 47.Rxh5 Kg6 48.Ra5 Kf7  1-0

[Event "114th US Open"]
[Site "Middleton USA"]
[Date "2013.08.02"]
[Round "7"]
[White "Velikanov,A"]
[Black "Norowitz,Yaacov"]
[Result "1/2-1/2"]
[WhiteElo "2225"]
[BlackElo "2450"]

1.d4 Nf6 2.c4 e6 3.Nf3 b6 4.a3 Bb7 5.Nc3 Ne4 6.Qc2 Nxc3 7.Qxc3 Be7 8.Qc2 c5
9.dxc5 bxc5 10.Bf4 d6 11.e3 Nd7 12.Rd1 e5 13.Bg3 h5 14.h3 h4 15.Bh2 Qa5+
16.Nd2 Nf6 17.f3 Rb8 18.Bd3 Bc6 19.O-O Qa4 20.Qxa4 Bxa4 21.b3 Bc6 22.Rb1 a5
23.Rb2 O-O 24.Nb1 e4 25.fxe4 Bxe4 26.Rd1 Bxd3 27.Rxd3 Ne4 28.Nd2 Bf6 29.Rc2 Nxd2
30.Rcxd2 Be5 31.Bxe5 dxe5 32.e4 f6 33.Rc3 Rb7 34.Rd5 Rc8 35.Rcd3 Rcc7 36.a4 Kf7
37.Kf2 Rb8 38.Ke3 g5 39.Kd2 Ke7 40.Kc2 g4 41.Rd6 Rg8 42.Ra6 gxh3 43.gxh3 Rg2+
44.Rd2 Rg3 45.Rf2 Rb7 46.Raxf6 Rbxb3 47.Rf7+ Ke8 48.Rf8+ Ke7  1/2-1/2

[Event "Politiken Cup 2013"]
[Site "Helsingor DEN"]
[Date "2013.08.04"]
[Round "10.99"]
[White "Frederiksen Kristian,Pade"]
[Black "Ranby,H"]
[Result "1/2-1/2"]
[WhiteElo "1823"]
[BlackElo "1958"]

1.d4 Nf6 2.c4 e6 3.Nf3 b6 4.a3 Bb7 5.Nc3 d5 6.cxd5 Nxd5 7.Qc2 Nd7 8.e4 Nxc3
9.bxc3 c5 10.Bd3 Rc8 11.Qe2 Be7 12.O-O O-O 13.Bf4 Nf6 14.a4 cxd4 15.cxd4 Bb4
16.e5 Bxf3 17.Qxf3 Nd5 18.Qe4 g6 19.Bh6 Re8 20.h4 Qe7 21.Bg5 Qb7 22.h5 Rc7
23.hxg6 hxg6 24.Qg4  1/2-1/2

[Event "XX Feria de las Flores 2013"]
[Site "Medellin COL"]
[Date "2013.08.05"]
[Round "5.16"]
[White "Saladen,R"]
[Black "Herrera Perez,Martin Steven"]
[Result "1-0"]
[WhiteElo "2219"]
[BlackElo "2020"]

1.d4 Nf6 2.Nf3 e6 3.c4 b6 4.a3 Bb7 5.Nc3 d5 6.Bg5 Be7 7.e3 Nbd7 8.Bd3 O-O
9.O-O c5 10.Qe2 cxd4 11.exd4 dxc4 12.Bxc4 Re8 13.Rfe1 h6 14.Bh4 a6 15.Rad1 b5
16.Bb3 Bxf3 17.Qxf3 Nb6 18.Bg3 Nbd5 19.Nxd5 Nxd5 20.Re5 Nb6 21.d5 Nxd5 22.h4 Rf8
23.Qe4 Bf6 24.Bc2 g6 25.Rxe6 fxe6 26.Qxg6+ Bg7 27.Qxe6+ Rf7 28.Bb3 Ra7 29.Rxd5  1-0

[Event "XX Feria de las Flores 2013"]
[Site "Medellin COL"]
[Date "2013.08.06"]
[Round "6.2"]
[White "Rios,Cr"]
[Black "Hevia,A"]
[Result "1-0"]
[WhiteElo "2369"]
[BlackElo "2508"]

1.d4 Nf6 2.c4 e6 3.Nf3 b6 4.a3 Ba6 5.Qc2 c5 6.d5 exd5 7.cxd5 g6 8.Nc3 Bg7
9.g3 O-O 10.Bg2 d6 11.O-O Re8 12.Re1 Nbd7 13.Bf4 Bf8 14.b4 Ng4 15.bxc5 Nxc5
16.h3 Ne5 17.Nxe5 dxe5 18.Be3 Rc8 19.a4 e4 20.Red1 Bg7 21.Bd4 Bd3 22.exd3 Bxd4
23.dxe4 Qf6 24.Rac1 Nd7 25.Rd3 Rc4 26.e5 Rxe5 27.Rf3 Qe7 28.Kh2 Re1 29.d6 Qe6
30.Rxe1 Qxe1 31.Qa2 Qe6 32.Rxf7 Bxc3 33.Re7  1-0

[Event "XX Feria de las Flores 2013"]
[Site "Medellin COL"]
[Date "2013.08.07"]
[Round "9.3"]
[White "Rios,Cr"]
[Black "Sanchez L,S"]
[Result "1-0"]
[WhiteElo "2369"]
[BlackElo "2318"]

1.d4 Nf6 2.c4 e6 3.Nf3 b6 4.a3 Bb7 5.Nc3 d5 6.Qc2 Be7 7.Bf4 O-O 8.cxd5 exd5
9.b4 c6 10.e3 b5 11.Ne5 a5 12.Rb1 axb4 13.axb4 Nbd7 14.Bd3 Nb6 15.g4 Nc4
16.g5 Na3 17.Qd1 Nxb1 18.gxf6 Nxc3 19.Bxh7+ Kxh7 20.Qh5+ Kg8 21.fxg7 Ra1+
22.Kd2 Ne4+ 23.Kc2 Ra2+ 24.Kb3 Ra3+ 25.Kb2 Kxg7 26.Rg1+ Kf6 27.Rg6+  1-0

[Event "XI Miguel Najdorf Open A 2013"]
[Site "Warsaw POL"]
[Date "2013.08.07"]
[Round "3.7"]
[White "Pazderski,Z"]
[Black "Staniszewski,Pi"]
[Result "0-1"]
[WhiteElo "2232"]
[BlackElo "2432"]

1.d4 Nf6 2.Nf3 e6 3.c4 b6 4.a3 Bb7 5.Nc3 Ne4 6.Qc2 Nxc3 7.Qxc3 Be7 8.g3 a5
9.Be3 O-O 10.Bg2 d6 11.c5 Be4 12.O-O bxc5 13.dxc5 Bf6 14.Qd2 d5 15.Rfd1 Nc6
16.Nd4 Bxd4 17.Bxd4 Bxg2 18.Kxg2 e5 19.Be3 d4 20.Qc2 Qd5+ 21.Kg1 Rab8 22.Bd2 Rb3
23.Rab1 Rfb8 24.Qf5 Qe6 25.Qe4 Rxb2 26.Rxb2 Rxb2 27.Bxa5 f5 28.Qh4 Qb3 29.Rf1 Qf7
30.Qg5 Rxe2 31.Rb1 h6 32.Qh4 Nxa5 33.Qd8+ Kh7 34.Qa8 f4 35.Qf3 d3 36.Qxd3+ Qg6
37.Qxe2 Qxb1+ 38.Kg2 Nc6 39.gxf4 exf4 40.Qd2 Qf5 41.Qc3 Qg4+ 42.Kf1 Qd1+
43.Kg2 Nd4 44.h3 f3+  0-1

[Event "16th Olomouc IM Prima Pack"]
[Site "Olomouc CZE"]
[Date "2013.08.08"]
[Round "9.4"]
[White "Obsivac,J"]
[Black "Dobes,V"]
[Result "1-0"]
[WhiteElo "2298"]
[BlackElo "2106"]

1.d4 Nf6 2.c4 e6 3.Nf3 b6 4.a3 Bb7 5.Nc3 d5 6.cxd5 Nxd5 7.e3 Be7 8.Bb5+ c6
9.Bd3 Nd7 10.e4 Nxc3 11.bxc3 O-O 12.O-O Qc7 13.Qe2 Rfd8 14.Bb2 Rac8 15.c4 c5
16.d5 exd5 17.exd5 Bf6 18.Bf5 Bxb2 19.Qxb2 Qf4 20.Bxd7 Rxd7 21.Qb5 Rd6 22.Rfe1 Kf8
23.a4 f6 24.Re3 a6 25.Qb3 Re8 26.Rxe8+ Kxe8 27.Re1+ Kf8 28.Qc2 f5 29.h4 h6
30.Ne5 Bc8 31.h5 Qd4 32.Ng6+ Kf7 33.Re7+ Kf6 34.Qe2 Rd8 35.Rf7+  1-0

[Event "100th ch-GBR 2013"]
[Site "Torquay ENG"]
[Date "2013.08.09"]
[Round "11.19"]
[White "Girdlestone,P"]
[Black "Eggleston,D"]
[Result "0-1"]
[WhiteElo "2155"]
[BlackElo "2363"]

1.d4 Nf6 2.c4 e6 3.Nf3 b6 4.a3 Bb7 5.Nc3 g6 6.Bg5 Bg7 7.e3 h6 8.Bh4 d6 9.Qc2 g5
10.Bg3 Nh5 11.d5 O-O 12.O-O-O Nd7 13.Be2 Ndf6 14.Nd4 Qd7 15.Bf3 Rab8 16.Qe2 Nxg3
17.hxg3 e5 18.Nc6 Rbe8 19.Ne4 Nxe4 20.Bxe4 f5 21.Bc2 Bxc6 22.dxc6 Qxc6 23.g4 e4
24.Rd5 fxg4 25.f3 gxf3 26.gxf3 Rxf3 27.Kb1 g4 28.Rh4 Qd7 29.Qg2 c6 30.Rdh5 Qe7
31.Rxg4 Qf6 32.Bd1 Kh8 33.Bxf3 exf3 34.Qf2 Rxe3 35.Qc2 Re1+ 36.Ka2 Re2  0-1

[Event "XXIV Jozefa Kochana Mem"]
[Site "Koszalin POL"]
[Date "2013.08.10"]
[Round "1.3"]
[White "Dobrowolski,P"]
[Black "Trzeciakiewicz,Michal"]
[Result "1-0"]
[WhiteElo "2423"]
[BlackElo "1543"]

1.d4 Nf6 2.c4 e6 3.Nf3 b6 4.a3 Bb7 5.Nc3 Be7 6.Qc2 O-O 7.e4 d6 8.Bd3 h6 9.Qe2 c5
10.d5 Nbd7 11.O-O Ng4 12.Bc2 exd5 13.cxd5 Bf6 14.Nd2 Nge5 15.f4 Ng6 16.a4 Re8
17.Nc4 Ba6 18.Nb5 Bxb5 19.axb5 Qc7 20.Kh1 Bd4 21.Qf3 Rad8 22.Bd2 Kh8 23.Ra3 Ra8
24.Bc3 Bxc3 25.bxc3 Nf6 26.Rfa1 Kg8 27.Ra6 Nd7 28.g3 Kh8 29.Kg2 Kg8 30.h4 f6
31.e5 Ngf8 32.e6 Nb8 33.Rxb6 axb6 34.Rxa8 Rd8 35.Ne3 Nc6 36.Rxd8 Nxd8 37.Nf5  1-0

[Event "21st Poznan Open"]
[Site "Poznan POL"]
[Date "2013.08.12"]
[Round "7.13"]
[White "Sklepinski,A"]
[Black "Przybylak,L"]
[Result "0-1"]
[WhiteElo "1751"]
[BlackElo "1890"]

1.d4 Nf6 2.Nf3 e6 3.c4 b6 4.a3 Be7 5.Nc3 O-O 6.e3 Bb7 7.Bd3 d5 8.O-O dxc4
9.Bxc4 Nbd7 10.Qe2 Ne4 11.Nxe4 Bxe4 12.Nd2 Bb7 13.b4 c5 14.bxc5 bxc5 15.Rb1 Qc7
16.Nb3 Be4 17.Bd3 Bxd3 18.Qxd3 c4 19.Qc3 Bd6 20.Nd2 Bxh2+ 21.Kh1 Rfc8 22.g3 Bxg3
23.fxg3 Qxg3 24.Nf3 Nf6 25.Qe1 Qg6 26.Rb5 Rab8 27.Rg5 Qh6+ 28.Kg2 Ne4 29.Rh1 Qf6
30.Rg4 Qf5 31.Qh4 Nf6 32.Rg3 Rb1 33.e4 Nxe4 34.Rxg7+ Kxg7 35.Bh6+ Kg8 36.Rxb1 Kh8
37.Rf1 Rg8+ 38.Kh2 Nf6 39.Nd2 Ng4+ 40.Kh1 Qd5+ 41.Nf3 Rg6 42.Bf4 f6 43.Qh3 Qe4
44.Qg3 Ne3 45.Qe1 Qxf4 46.Nh4 Qxf1+  0-1

[Event "Stare Mesto Open 2013"]
[Site "Stare Mesto CZE"]
[Date "2013.08.12"]
[Round "5.10"]
[White "Straka,V"]
[Black "Vecera,Pe"]
[Result "1-0"]
[WhiteElo "2323"]
[BlackElo "2065"]

1.d4 Nf6 2.Nf3 b6 3.c4 e6 4.a3 Bb7 5.Nc3 d5 6.Bg5 Be7 7.e3 O-O 8.cxd5 Nxd5
9.Bxe7 Qxe7 10.Rc1 Rc8 11.Bd3 Nf6 12.e4 c5 13.e5 Ne8 14.dxc5 Rxc5 15.O-O Nd7
16.b4 Rcc8 17.Be4 Bxe4 18.Nxe4 a5 19.Qd4 Rd8 20.Qc4 axb4 21.axb4 Ra4 22.Rb1 Rda8
23.Rfd1 Nf8 24.Nc3 R4a7 25.Nb5 Rd7 26.Rdc1 Ng6 27.Qc6 Rad8 28.Qxb6 Rb7 29.Qa5 Rd5
30.Nfd4 Nxe5 31.Rc8 Qd7 32.Qa8 Kf8 33.Rxe8+ Qxe8 34.Qxb7 Qd8 35.Ra1  1-0

[Event "XI Miguel Najdorf Open A 2013"]
[Site "Warsaw POL"]
[Date "2013.08.12"]
[Round "8.1"]
[White "Piorun,K"]
[Black "Romanishin,O"]
[Result "1/2-1/2"]
[WhiteElo "2552"]
[BlackElo "2494"]

1.d4 Nf6 2.c4 e6 3.Nf3 b6 4.a3 Bb7 5.Nc3 g6 6.Qc2 Bxf3 7.exf3 Bg7 8.d5 O-O
9.Be3 exd5 10.cxd5 c6 11.O-O-O Nxd5 12.Nxd5 cxd5 13.Rxd5 Nc6 14.Qd2 Na5 15.Kb1 Nb3
16.Qc2 Nc5 17.Bb5 a6 18.Bxd7 Nxd7 19.Rhd1 Ra7 20.Qd2 Qf6 21.Bd4 Qh4 22.Bxg7 Kxg7
23.Rxd7 Rxd7 24.Qxd7 Qxh2 25.Qd4+ Kg8 26.g3 Qh5 27.Rd3  1/2-1/2

[Event "3rd Split Open 2013"]
[Site "Split CRO"]
[Date "2013.08.13"]
[Round "4.1"]
[White "Sale,S"]
[Black "Kuljasevic,D"]
[Result "1/2-1/2"]
[WhiteElo "2409"]
[BlackElo "2577"]

1.d4 Nf6 2.c4 e6 3.Nf3 b6 4.a3 Bb7 5.Nc3 d5 6.Bg5 Be7 7.e3 O-O 8.Be2 Nbd7
9.O-O h6 10.Bh4 dxc4 11.Bxc4 Ne4 12.Bg3 Nxg3 13.hxg3 c5 14.Qe2 cxd4 15.Nxd4 Ne5
16.Ba6 Qc8 17.Bxb7 Qxb7 18.f4 Nd7 19.Rfd1 Nf6 20.Qf3 Qxf3  1/2-1/2

[Event "10th Malaysian Open"]
[Site "Kuala Lumpur MAS"]
[Date "2013.08.14"]
[Round "6.8"]
[White "Laylo,D"]
[Black "Barretto,Franz"]
[Result "1-0"]
[WhiteElo "2499"]
[BlackElo "2153"]

1.d4 Nf6 2.c4 e6 3.Nf3 b6 4.a3 Bb7 5.Nc3 d5 6.Bg5 Be7 7.Qa4+ c6 8.Bxf6 Bxf6
9.cxd5 exd5 10.g3 O-O 11.Bg2 Re8 12.O-O Nd7 13.Rac1 a6 14.Rfd1 Qe7 15.Qc2 Rad8
16.e3 g6 17.h4 b5 18.Ne2 Nb6 19.Nf4 Nc4 20.Nd3 a5 21.a4 b4 22.b3 Nd6 23.Nfe5 Rc8
24.Qc5 Qd8 25.Bh3 Nf5 26.Bxf5 gxf5 27.Qc2 Rc7 28.Qe2 c5 29.Nxc5 Bxe5 30.dxe5 Rxe5
31.Qb2 f6 32.Qd4 Qe7 33.Nxb7 Rxc1 34.Rxc1 Qxb7 35.Rc5 Qa8 36.Rc7 Qa6 37.Rd7 Qc8
38.Qa7 Qf8 39.Qc7 d4 40.Qc4+  1-0

[Event "3rd Split Open 2013"]
[Site "Split CRO"]
[Date "2013.08.15"]
[Round "6.12"]
[White "Sale,S"]
[Black "Zsinka,L"]
[Result "1-0"]
[WhiteElo "2409"]
[BlackElo "2241"]

1.d4 Nf6 2.c4 e6 3.Nf3 b6 4.a3 Bb7 5.Nc3 g6 6.Qc2 c5 7.d5 exd5 8.cxd5 Bg7
9.e4 O-O 10.Be2 d6 11.O-O a6 12.a4 Nbd7 13.Bf4 Qe7 14.Rfe1 Nh5 15.Bg5 f6
16.Be3 g5 17.g3 Bh6 18.Qd1 Ng7 19.Bf1 Bc8 20.Bh3 Ne5 21.Bxc8 Raxc8 22.Nxe5 Qxe5
23.Qg4 f5 24.exf5 Qxf5 25.Qxf5 Nxf5 26.Ne4 Bg7 27.Rab1 g4 28.Kg2 b5 29.axb5 axb5
30.Bf4 Rfd8 31.h3 gxh3+ 32.Kxh3 Be5 33.Bg5 Rf8 34.f4 Bd4 35.g4 h6 36.gxf5 hxg5
37.Nxd6 Rcd8 38.Re6 gxf4 39.Rg6+ Kh7 40.Kg4 Rxf5 41.Kxf5 Rf8+ 42.Kg5 Kh8
43.Kg4  1-0

[Event "TCh-SRB 1st League 2013"]
[Site "Kragujevac SRB"]
[Date "2013.08.24"]
[Round "1.6"]
[White "Barlov,D"]
[Black "Savic,Miod1"]
[Result "0-1"]
[WhiteElo "2449"]
[BlackElo "2543"]

1.Nf3 Nf6 2.c4 e6 3.d4 b6 4.a3 Bb7 5.Nc3 d5 6.cxd5 exd5 7.g3 a6 8.Bg2 Bd6
9.O-O O-O 10.Ne5 Nbd7 11.Nc4 Be7 12.Ne3 c6 13.Nf5 Re8 14.e4 dxe4 15.Nxe4 Nxe4
16.Bxe4 Nf6 17.Bg2 Bf8 18.Qf3 Re6 19.Qb3 a5 20.Rd1 a4 21.Qc2 Qe8 22.Ne3 b5
23.Bh3 Re4 24.Bg2 Re6 25.Bh3 Re7 26.Bd2 Ne4 27.Be1 Rd8 28.Bg2 Re6 29.b3 axb3
30.Qxb3 g6 31.a4 Bg7 32.Nc2 Ba6 33.Ba5 bxa4 34.Qxa4 Bb5 35.Qb3 Ra8 36.Be1 Rb8
37.Rab1 Ra8 38.Ra1 Rd8 39.Rdb1 Nd6 40.Ba5 Rc8 41.Bb4 Bc4 42.Qa4 Nf5 43.Bc5 Bd3
44.Rd1 Be4 45.Bxe4 Rxe4 46.Qc4 h5 47.Re1 Rd8 48.Qd3 Re6 49.Rxe6 Qxe6 50.Re1 Qd5
51.Nb4 Qd7 52.Qe4 Bxd4 53.Nxc6 Bxc5 54.Nxd8 Qxd8 55.Qe8+ Qxe8 56.Rxe8+ Kg7
57.Kg2 Nd4 58.Rc8 Ne6 59.Rb8 g5 60.h3 Kf6 61.Rb7 Kg6 62.Rb8 Bd4 63.Rb4 Kf5
64.Rb7 Kf6 65.Rd7 Bc5 66.Rd5 Kg6 67.Re5 Bb4 68.Re4 Bc3 69.Rc4 Bd4 70.Rb4 Be5
71.Ra4 f6 72.Ra8 Nd4 73.Rg8+ Kh7 74.Rd8 g4 75.Ra8 Nf3 76.Ra4 Nd4 77.Ra8 Kg7
78.Ra7+ Kg6 79.Ra8 Nf3 80.Ra3 Ne1+ 81.Kh2 Bd4 82.hxg4 hxg4 83.Kg1 Kf5 84.Kf1 Nf3
85.Ra8 Nd2+ 86.Kg2 Nf3 87.Kf1 Ke4 88.Rg8 Ng5 89.Kg2 Kd3 90.Rd8 Nf3 91.Rg8 f5
92.Rf8 Ke4 93.Re8+ Ne5 94.Re7 Kd5 95.Re8 Bc5 96.Rd8+ Ke6 97.Rd1 Nf3 98.Kf1 Bd4
99.Kg2 Kd5 100.Rb1 Ke4 101.Rb8 Ne1+ 102.Kf1 Nd3 103.Re8+ Kf3 104.Rd8 Nxf2
105.Rxd4 Kxg3 106.Rd2 Ne4 107.Rd3+ Kh2 108.Rd8 f4 109.Ra8 Kg3 110.Ra2 f3
111.Rb2 Kf4 112.Kg1  0-1

[Event "TCh-SRB 1st League 2013"]
[Site "Kragujevac SRB"]
[Date "2013.08.25"]
[Round "2.2"]
[White "Pavlovic,G1"]
[Black "Rajkovic,Du"]
[Result "1/2-1/2"]
[WhiteElo "2378"]
[BlackElo "2394"]

1.d4 Nf6 2.c4 e6 3.Nf3 b6 4.a3 Ba6 5.Qc2 Bb7 6.Nc3 c5 7.e4 cxd4 8.Nxd4 d6
9.Be2 Be7 10.Be3 Nbd7 11.f4 a6 12.O-O-O Qc7 13.g4 Nc5 14.Bf3 h6 15.Kb1 Rc8
16.Qg2 g6 17.Rhe1 Ncd7 18.e5 Bxf3 19.Nxf3 dxe5 20.fxe5 Nh7 21.Bxh6 Qxc4 22.Ne4 Qc6
23.Nd4 Qa8 24.Qg3 Nhf8 25.Bg7 Rh7 26.Bf6 Nc5 27.Ng5 Bxf6 28.Nxh7 Nxh7 29.exf6 Nxf6
30.Qh4 Ke7 31.g5 Nfe4 32.Qf4 Qd5 33.Nf3 Nc3+ 34.bxc3 Qb3+ 35.Ka1 Qxc3+ 36.Kb1 Qb3+
37.Ka1 Qc3+ 38.Kb1 Qb3+ 39.Ka1 Qxa3+ 40.Kb1 Qb3+ 41.Ka1  1/2-1/2

[Event "74th ch-ARM 1st League"]
[Site "Yerevan ARM"]
[Date "2013.08.26"]
[Round "6.3"]
[White "Harutyunian,T"]
[Black "Petrosyan,M"]
[Result "1/2-1/2"]
[WhiteElo "2334"]
[BlackElo "2312"]

1.d4 Nf6 2.c4 e6 3.Nf3 b6 4.a3 Bb7 5.Nc3 d5 6.cxd5 exd5 7.g3 Be7 8.Bg2 Na6
9.O-O O-O 10.Bg5 h6 11.Bxf6 Bxf6 12.Qa4 Qe8 13.Qb3 Qe6 14.Rad1 Rfd8 15.Rfe1 c5
16.e4 dxe4 17.d5 Qf5 18.Nxe4 Nc7 19.Nxf6+ Qxf6 20.Ne5 Re8 21.f4 Qd6 22.Nc4 Rxe1+
23.Rxe1 Qd7 24.d6 Bxg2 25.Re7 Qb5 26.Qd3 Ne8 27.Kxg2 Nxd6 28.Qd5 Re8 29.Rxe8+ Nxe8
30.Ne5 Qe2+ 31.Kg1 Qe1+  1/2-1/2

[Event "Nordeste IM 2013"]
[Site "Natal BRA"]
[Date "2013.08.28"]
[Round "1.5"]
[White "Rodi,L"]
[Black "Brito,L"]
[Result "1-0"]
[WhiteElo "2377"]
[BlackElo "2282"]

1.d4 Nf6 2.c4 e6 3.Nf3 b6 4.a3 Bb7 5.Nc3 Be7 6.d5 exd5 7.cxd5 O-O 8.e4 Re8
9.Bd3 d6 10.O-O c5 11.Nd2 Nbd7 12.Nc4 Ba6 13.Bf4 Bxc4 14.Bxc4 a6 15.a4 Bf8
16.Re1 Qc8 17.Bg3 g6 18.h3 Ra7 19.Bh2 Ne5 20.Be2 g5 21.Qd2 Bh6 22.h4 Nfg4
23.hxg5 Bg7 24.Bg3 c4 25.Qf4 h5 26.gxh6 Nxh6 27.Qg5 Kh7 28.Rad1 Rg8 29.Qe3 Rb7
30.Bf4 Rh8 31.Qg3 b5 32.axb5 axb5 33.Rc1 Rg8 34.Nd1 Bf8 35.Qh2 Ng6 36.Bg5 Ne5
37.f4 Ng6 38.Rc3 f6 39.Bxh6 Bxh6 40.Rh3 Qf8 41.Ne3 Nh8 42.Nf5  1-0

[Event "Petersburg Summer Blitz 2013"]
[Site "St Petersburg RUS"]
[Date "2013.08.28"]
[Round "2.1"]
[White "Aleshin,O"]
[Black "Matlakov,M"]
[Result "0-1"]
[WhiteElo "2385"]
[BlackElo "2676"]

1.d4 Nf6 2.Nf3 e6 3.c4 b6 4.a3 Bb7 5.Nc3 d5 6.cxd5 Nxd5 7.e3 g6 8.Bb5+ c6
9.Bd3 Nxc3 10.bxc3 Bg7 11.O-O O-O 12.a4 c5 13.a5 Nd7 14.Ba3 Qc7 15.Qe2 Rfd8
16.e4 bxa5 17.Rfd1 Rac8 18.Ba6 Nf6 19.Bxb7 Qxb7 20.Re1 cxd4 21.cxd4 Rc3 22.Bc5 Nd7
23.Be7 Re8 24.Bg5 Qc7 25.Bd2 Rc2 26.Bxa5 Rxe2 27.Bxc7 Rxe1+ 28.Rxe1 Rc8 29.Bd6 a5
30.g3 a4 31.Ra1 Ra8 32.e5 Bf8 33.Bxf8 Kxf8 34.Nd2 Nb6 35.Ne4 a3 36.Nc3 Nc4
37.Kf1 Rb8 38.Ke2 Rb3 39.Kd3 Nb6 40.Kc2 Rb2+ 41.Kd3 Rxf2 42.Rxa3 Kg7 43.Ra7 Rf3+
44.Kc2 Nc4 45.Ne4 Ne3+ 46.Kd2 Nf5 47.Ng5 Rf2+ 48.Ke1 Rxh2 49.Nxe6+ Kh6 50.Rxf7 Nxg3
51.d5 Re2+ 52.Kd1 Rxe5 53.Rd7 Ne4 54.Nf8 Rxd5+ 55.Rxd5 Nc3+ 56.Ke1 Nxd5 57.Kf2 Kg7
58.Nd7 Nf6 59.Ne5 g5 60.Kg3 h5 61.Nc4 Kg6 62.Nd6 h4+ 63.Kf3 Kh5 64.Nf5 g4+
65.Kf4 Nd5+ 66.Ke4 Kg5 67.Nd4 Nf6+ 68.Ke3 h3 69.Ne6+ Kh4 70.Kf2 g3+ 71.Kf3 Ng4
72.Nf4 Ne5+ 73.Ke2 h2  0-1

[Event "XXX Collado Villalba Open 2013"]
[Site "Collado Villalba ESP"]
[Date "2013.08.29"]
[Round "7.13"]
[White "Plazuelo Pascual,Juan"]
[Black "Cao Armillas,J"]
[Result "1/2-1/2"]
[WhiteElo "1962"]
[BlackElo "2186"]

1.d4 Nf6 2.c4 e6 3.Nf3 b6 4.a3 Bb7 5.Nc3 Be7 6.d5 exd5 7.cxd5 O-O 8.e4 d6
9.Bd3 Nbd7 10.b4 Re8 11.O-O Ng4 12.Bb2 Bf6 13.Qc2 Nde5 14.Nxe5 Bxe5 15.h3 Qh4
16.Nd1 Re7 17.Bxe5 Nxe5 18.f4 Nxd3 19.Qxd3 Rae8 20.Nc3 f5 21.exf5 Qf6 22.Rac1 Bc8
23.Qd2 Bxf5 24.Rf2 Qg6 25.Kh1 Re3 26.Re2 Qg3 27.Rce1 Rxe2 28.Rxe2 Rxe2 29.Qxe2 h6
30.Qd2 a6 31.a4 h5 32.Qe2 Kf8 33.Qd2 h4 34.a5 b5 35.Qd4 Kg8 36.Qd2 Kf7 37.Qd4 Kg6
38.Qd2 Bd3 39.Ne2 Bxe2 40.Qxe2 Qxf4 41.Qe7 Qf7 42.Qe4+ Qf5 43.Qe8+ Kh7 44.Qe1 Qf6
45.Qe4+ g6 46.Qg4 Kh6 47.Qc8 Qa1+ 48.Kh2 Qe5+ 49.Kh1 Qxd5 50.Qxa6 Kg5 51.Qc8 Qc4
52.Qg4+ Kh6 53.a6 Qc6 54.Qxh4+ Kg7 55.Qe7+ Kg8 56.Qe6+ Kg7 57.Qe7+ Kg8 58.Qe6+ Kg7  1/2-1/2

[Event "21st Honor to National Resistance"]
[Site "Nikaia GRE"]
[Date "2013.08.30"]
[Round "5.4"]
[White "Haliamanis,G"]
[Black "Tsiros,F"]
[Result "1-0"]
[WhiteElo "2309"]
[BlackElo "1969"]

1.d4 Nf6 2.c4 e6 3.Nf3 b6 4.a3 Bb7 5.Nc3 Be7 6.d5 O-O 7.e4 d6 8.Bd3 e5 9.O-O Nbd7
10.h3 Re8 11.Be3 Nf8 12.Qc2 Ng6 13.Rfc1 Bc8 14.b4 Nh5 15.Bf1 Rf8 16.c5 f5
17.cxb6 cxb6 18.Nb5 fxe4 19.Nd2 Nhf4 20.Nxe4 Bf5 21.f3 Kh8 22.Qb3 Bxe4 23.fxe4 Bh4
24.Qd1 h5 25.Kh1 Bg3 26.Nc7 Rc8 27.Ne6 Qh4 28.Nxf8 Rxf8 29.Rc3 Bf2 30.Bxf2 Qxf2
31.Rf3 Qb2 32.g3 Rc8 33.Rb1 Qa2 34.Qb3 Qd2 35.Rd1  1-0

[Event "TCh-SRB 1st League 2013"]
[Site "Kragujevac SRB"]
[Date "2013.08.31"]
[Round "8.4"]
[White "Solomunovic,I"]
[Black "Savic,Miod1"]
[Result "1/2-1/2"]
[WhiteElo "2433"]
[BlackElo "2543"]

1.d4 Nf6 2.Nf3 e6 3.c4 b6 4.a3 d5 5.cxd5 exd5 6.Nc3 a6 7.Bg5 Bb7 8.Qb3 Be7
9.e3 Nbd7 10.Be2 O-O 11.O-O h6 12.Bh4 Bd6 13.Rfd1 Qe7 14.a4 Rac8 15.Bd3 Qe6
16.Bg3 Bxg3 17.hxg3 c5 18.dxc5 Nxc5 19.Qa3 Nce4 20.Bxe4 dxe4 21.Rd6 Qf5 22.Nh4 Qa5
23.Qb3 Rc6 24.Rxc6 Bxc6 25.Rd1 Qc5 26.Ng6 Re8 27.Rd4 b5 28.axb5 axb5 29.Nf4 Ra8
30.Qd1 Kh7 31.Nfd5 Nxd5 32.Nxd5 Bxd5 33.Rxd5 Ra1 34.Qxa1 Qxd5 35.Qb1 b4 36.Qc2 b3
37.Qc8 Qe5 38.g4 Qxb2 39.Qf5+ Kg8 40.Qc8+ Kh7 41.Qf5+ Kg8  1/2-1/2

[Event "Lidkoping Open"]
[Site "Lidkoping SWE"]
[Date "2013.08.31"]
[Round "2"]
[White "Johansson,Mi2"]
[Black "Andreasson,I"]
[Result "1/2-1/2"]
[WhiteElo "2077"]
[BlackElo "2335"]

1.d4 Nf6 2.c4 e6 3.Nf3 b6 4.a3 a5 5.g3 Ba6 6.Qc2 c5 7.Bg2 Nc6 8.d5 exd5 9.cxd5 Nxd5
10.O-O Be7 11.Rd1 Nc7 12.Bf4 Ne6 13.Nc3 Rc8 14.Ne5 Ncd4 15.Qe4 O-O 16.e3 Nxf4
17.gxf4 Nb3 18.Rab1 Rc7 19.Bh3 c4 20.Nxd7 Bb7 21.Nd5 Bd6 22.Qf5  1/2-1/2

[Event "Nordeste IM 2013"]
[Site "Natal BRA"]
[Date "2013.09.02"]
[Round "5.3"]
[White "Rodi,L"]
[Black "Zallio,L"]
[Result "1-0"]
[WhiteElo "2377"]
[BlackElo "2120"]

1.d4 e6 2.c4 Nf6 3.Nf3 b6 4.a3 Bb7 5.Nc3 d5 6.cxd5 Nxd5 7.e3 Nd7 8.Bb5 c6
9.Bd3 Be7 10.O-O O-O 11.e4 Nxc3 12.bxc3 c5 13.Be3 Nf6 14.Nd2 Rc8 15.Qe2 Qc7
16.Rfe1 Rfd8 17.a4 cxd4 18.cxd4 Bb4 19.e5 Qc6 20.Nf3 Ne4 21.Rec1 Nc3 22.Qc2 g6
23.h4 Qd5 24.h5 Rc7 25.Bh6 Rdc8 26.hxg6 fxg6 27.Bxg6 Na2 28.Bxh7+ Kh8 29.Qxc7 Rxc7
30.Rxc7 Bc6 31.Bg5 Bd7 32.Bg6 Nc3 33.Bd3 Bc5 34.Be3 Nxa4 35.Bc2 a5 36.dxc5 Nxc5
37.Bxc5 bxc5 38.Rd1 Qc4 39.Rdxd7 Qxc2 40.Rd8+  1-0

[Event "15th Trieste Open"]
[Site "Trieste ITA"]
[Date "2013.09.04"]
[Round "6"]
[White "Jovanic,O"]
[Black "Eggleston,D"]
[Result "1-0"]
[WhiteElo "2519"]
[BlackElo "2363"]

1.d4 Nf6 2.c4 e6 3.Nf3 b6 4.a3 Bb7 5.Nc3 g6 6.Qc2 Bxf3 7.exf3 Bg7 8.Bg5 h6
9.Be3 c6 10.h4 d5 11.O-O-O Nbd7 12.Kb1 dxc4 13.Bxc4 Nd5 14.Nxd5 cxd5 15.Ba6 O-O
16.h5 g5 17.f4 g4 18.f5 Qf6 19.fxe6 fxe6 20.Qe2 b5 21.Bxb5 Qe7 22.Bxd7 Qxd7
23.Qxg4 Kh8 24.Bf4 Qa4 25.g3 e5 26.dxe5 Rab8 27.Qe2 Qxa3 28.Rxd5 Rb3 29.Rhd1 Qa4
30.Rd8 Qb4 31.Rxf8+ Bxf8 32.Rd8 Kg8 33.Bxh6 Rxb2+ 34.Qxb2 Qe4+ 35.Ka1 Qe1+
36.Bc1 Qa5+ 37.Qa2+ Qxa2+ 38.Kxa2  1-0

[Event "TCh-ROU 2013"]
[Site "Mamaia ROU"]
[Date "2013.09.05"]
[Round "6.6"]
[White "Manea,Al"]
[Black "Hajbok,R"]
[Result "1/2-1/2"]
[WhiteElo "2390"]
[BlackElo "2345"]

1.d4 Nf6 2.Nf3 e6 3.c4 b6 4.a3 Ba6 5.Qa4 c6 6.Nc3 d5 7.cxd5 Nxd5 8.e4 Nxc3
9.bxc3 Bxf1 10.Kxf1 Be7 11.Ke2 Qc7 12.Rd1 O-O 13.Kf1 Nd7 14.c4 e5 15.d5 b5
16.cxb5 cxd5 17.exd5 Nc5 18.Qc4 e4 19.d6 Bxd6 20.Ng5 Qe7 21.Be3 h6 22.Rxd6 Qxd6
23.Bxc5 Qe5 24.Re1 hxg5 25.Bxf8 Rxf8 26.Qxe4 Qxb5+ 27.Kg1 Rd8 28.h3 Qd3  1/2-1/2

[Event "15th Trieste Open"]
[Site "Trieste ITA"]
[Date "2013.09.06"]
[Round "8"]
[White "Jovanic,O"]
[Black "Postny,E"]
[Result "1/2-1/2"]
[WhiteElo "2519"]
[BlackElo "2628"]

1.d4 Nf6 2.c4 e6 3.Nf3 b6 4.a3 Bb7 5.Nc3 d5 6.Bg5 Be7 7.Qa4+ Qd7 8.Qc2 O-O
9.e3 h6 10.Bxf6 Bxf6 11.cxd5 exd5 12.Bd3 c5 13.Rd1 c4 14.Bh7+ Kh8 15.Bf5 Qe7
16.O-O g6 17.Bh3 Na6 18.Rfe1 Rfe8 19.g3 Kg8 20.Re2 Nc7 21.Rde1 Qd6 22.e4 dxe4
23.Nxe4 Rxe4 24.Rxe4 Bxe4 25.Rxe4 b5 26.Ne5 Rd8 27.Qc3 Kg7 28.Nf3 Nd5 29.Qa5 Qb6
30.Qe1 a5 31.Ne5 Qc7 32.Bf1 c3 33.bxc3 Nxc3 34.Rf4 Bxe5 35.Qxe5+ Qxe5 36.dxe5 Rd1
37.Rf3 b4 38.axb4 axb4 39.Kg2 Rd4 40.Re3 Re4 41.Rd3 Rxe5 42.Rd4 Re4 43.Rd7 Kf6
44.Rb7 Rd4 45.Kf3 Nd5 46.h4 h5 47.Ba6 Ne7 48.Ke2 Nf5 49.Bd3 Nd6 50.Rb8 Ke5
51.Bc2 Kd5 52.Bb3+ Kc5 53.f3 Kc6 54.Rf8 Kd7 55.Rb8 Ke7 56.Rb6 f6 57.Rb8 Nf5
58.Bc2 Nxg3+ 59.Ke3 Rxh4 60.Bxg6 Rc4 61.Bd3 Rc3 62.Rxb4 f5 63.Kf4 Rxd3 64.Kxg3 Kf6
65.Rb8 h4+ 66.Kxh4 Rxf3 67.Re8 Ra3 68.Re1 f4 69.Kg4 f3 70.Rf1 Ke5 71.Rxf3 Rxf3
72.Kxf3  1/2-1/2

[Event "TCh-SUI 2013"]
[Site "Switzerland SUI"]
[Date "2013.09.07"]
[Round "6.8"]
[White "Gruenenwald,J"]
[Black "Kambor,Joachim"]
[Result "1-0"]
[WhiteElo "2308"]
[BlackElo "2126"]

1.d4 Nf6 2.c4 e6 3.Nf3 b6 4.a3 Bb7 5.Nc3 d5 6.Bg5 Be7 7.Qa4+ Bc6 8.Qb3 dxc4
9.Qxc4 O-O 10.e3 Nd5 11.Bxe7 Qxe7 12.Be2 Nxc3 13.Qxc3 Bd5 14.O-O c5 15.dxc5 Rc8
16.b4 Nd7 17.Rfc1 a5 18.Nd2 axb4 19.axb4 Rxa1 20.Rxa1 bxc5 21.b5 Nb6 22.Ra6 Qd8
23.Qa5 Rb8 24.e4 Ba8 25.h3 h6 26.Qc3 Qc7 27.f3 Bb7 28.Ra1 Rc8 29.Nc4 Nxc4
30.Bxc4 Rd8 31.Be2 Qb6 32.Qa5 Qxa5 33.Rxa5 Kf8 34.Ra7 Rb8 35.b6 g5 36.Bb5 Kg7
37.Kf2 Kf6 38.Ke3 Ke5 39.Kd3 Kd6 40.Kc4 e5 41.Ra1 Ke6 42.Kxc5 f5 43.Bc4+ Kf6
44.Bd5 Bxd5 45.exd5 e4 46.fxe4 fxe4 47.Kc6 Rc8+ 48.Kd7 Rc5 49.b7 Rb5 50.Kc6 Rb2
51.Ra8  1-0